MARC

LEADER 00000nam0a2200000 4500
001 33559
005 20231030214929.0
035 |a (RuTPU)RU\TPU\book\33909 
035 |a BOOK00000560 
090 |a 33559 
100 |a 20011210d1983 km y0rusy50 ca 
101 0 |a rus 
102 |a RU 
105 |a a z 001zy 
200 1 |a Автоматизированное проектирование электрических машин  |f А. А. Терзян 
210 |a Москва  |c Энергоатомиздат  |d 1983 
215 |a 256 с.  |c ил. 
320 |a Библиогр.: с. 249-253 
610 1 |a электрические машины 
610 1 |a автоматизированное проектирование 
610 1 |a цифровое моделирование 
610 1 |a геометрическое моделирование 
675 |a 621.313.001.2  |v 3 
700 1 |a Терзян  |b А. А.  |g Арутюн Арташесович 
801 0 |a RU  |b 63413507  |c 20011210  |g PSBO 
801 2 |a RU  |b 63413507  |c 20150827  |g PSBO 
900 |a Проектирование и САПР электрических машин 
900 |a Системы автоматизированного проектирования электрических машин 
942 |c BK